000
00242nam a2200097Ia 4500
001
948656
005
20250826215523.0
008
250824s9999 xx 000 0 und d
245
0
_a
VEE KAPI AÇILIYOR
_c
YÜCEL ÖZTÜRK
260
_b
CEZVE YAYINLARI
999
_c
948656
_d
948656